000 00297nam a2200121Ia 4500
008 220204s9999 xx 000 0 und d
082 _a77.02.17
_bWAL
100 _aWalter, Ernest
245 0 _aTechniques of the film cutting room
250 _aEd.2
260 _aLondon
_bFocal
_c1976
942 _cBK
999 _c29137
_d29137